সৌরভে গৌরবে ঢাকা বিশ্ববিদ্যালয়: (Record no. 28786)
[ view plain ]
| 000 -LEADER | |
|---|---|
| fixed length control field | 01000nam a22001937a 4500 |
| 003 - CONTROL NUMBER IDENTIFIER | |
| control field | BDDh-ASL |
| 005 - DATE AND TIME OF LATEST TRANSACTION | |
| control field | 20231015030953.0 |
| 008 - FIXED-LENGTH DATA ELEMENTS--GENERAL INFORMATION | |
| fixed length control field | 220531s2010 b ||||| |||| 00| 0 b d |
| 040 ## - CATALOGING SOURCE | |
| Transcribing agency | BDDh-ASL |
| 082 ## - DEWEY DECIMAL CLASSIFICATION NUMBER | |
| Classification number | 954.922 |
| Item number | SOU |
| 245 #0 - TITLE STATEMENT | |
| Title | সৌরভে গৌরবে ঢাকা বিশ্ববিদ্যালয়: |
| Remainder of title | প্রথম খণ্ড, অ্যালামনাই মহামিলন ২০০৯ / |
| 246 ## - VARYING FORM OF TITLE | |
| Title proper/short title | Sourove Gourove Dhaka Bishyabidyalay. |
| 260 ## - PUBLICATION, DISTRIBUTION, ETC. | |
| Place of publication, distribution, etc. | ঢাকা: |
| Name of publisher, distributor, etc. | ঢাকা ইউনিভার্সিটি অ্যালামনাই অ্যাসোয়েশন, |
| Date of publication, distribution, etc. | ২০১০। |
| 300 ## - PHYSICAL DESCRIPTION | |
| Extent | ৫৪৪ পৃষ্ঠা: |
| Dimensions | ২৩ সে.মি. |
| 650 #0 - SUBJECT ADDED ENTRY--TOPICAL TERM | |
| 9 (RLIN) | 6217 |
| Topical term or geographic name entry element | History of Dhaka University (ঢাকা বিশ্ববিদ্যালয়ের ইতিহাস) |
| 700 1# - ADDED ENTRY--PERSONAL NAME | |
| 9 (RLIN) | 6263 |
| Personal name | এলাহী, সৈয়দ মঞ্জুর |
| 700 1# - ADDED ENTRY--PERSONAL NAME | |
| 9 (RLIN) | 6264 |
| Personal name | চৌধুরী, ইমরুল |
| 942 ## - ADDED ENTRY ELEMENTS (KOHA) | |
| Source of classification or shelving scheme | Dewey Decimal Classification |
| Koha item type | Books |
| Withdrawn status | Lost status | Source of classification or shelving scheme | Damaged status | Not for loan | Collection code | Home library | Current library | Shelving location | Date acquired | Source of acquisition | Serial Enumeration / chronology | Total Checkouts | Full call number | Barcode | Date last seen | Copy number | Price effective from | Koha item type |
|---|---|---|---|---|---|---|---|---|---|---|---|---|---|---|---|---|---|---|
| Dewey Decimal Classification | Non-fiction | Asiatic Society Library | Asiatic Society Library | Dhaka Collection | 05/31/2022 | ASB Library Collection | V-1 | 954.922 SOU | 116853 | 05/31/2022 | C-1 | 05/31/2022 | Books |